Catálogo
 En Linea

Estabilización, apertura y pobreza en la República Dominicana : (Registro nro. 45220)

Detalles MARC
000 -CABECERA
campo de control de longitud fija 01566nam a2200193 a 4500
001 - NÚMERO DE CONTROL
campo de control 000045731
005 - FECHA Y HORA DE LA ÚLTIMA TRANSACCIÓN
campo de control 20240305095107.0
008 - DATOS DE LONGITUD FIJA--INFORMACIÓN GENERAL
campo de control de longitud fija 150508s1994 dr a 000 0 spa d
040 ## - FUENTE DE LA CATALOGACIÓN
Centro catalogador/agencia de origen DO-SdBNP
Lengua de catalogación spa
Centro/agencia transcriptor BNPHU
082 ## - NÚMERO DE LA CLASIFICACIÓN DECIMAL DEWEY
Número de clasificación xxxx
Número de documento/Ítem xxxx
100 1# - ENTRADA PRINCIPAL--NOMBRE DE PERSONA
Nombre de persona Dauhajre, Andrés
9 (RLIN) 6000
245 10 - MENCIÓN DE TÍTULO
Título Estabilización, apertura y pobreza en la República Dominicana :
Resto del título 1986-1992 /
Mención de responsabilidad, etc. Andrés Dauhajre, José Achécar Chupani y Anne Swindale.
260 ## - PUBLICACIÓN, DISTRIBUCIÓN, ETC.
Lugar de publicación, distribución, etc. Santo Domingo :
Nombre del editor, distribuidor, etc. Fundación Economía y Desarrollo,
Fecha de publicación, distribución, etc. 1994.
300 ## - DESCRIPCIÓN FÍSICA
Extensión xiii, 238 p. :
Otras características físicas il. ;
Dimensiones 23 cm.
505 0# - NOTA DE CONTENIDO CON FORMATO
Nota de contenido con formato Resumen de resultados --
Título Distribución del ingreso --
-- Indigencia y pobreza --
-- La mujer y la pobreza --
-- La niñez y la pobreza --
-- Estado civil de los pobres --
-- Educación y pobreza --
-- El subsidio al gas propano y los pobres --
-- El diferencial del petróleo y los pobres --
-- Protección al arroz y los pobres --
-- El aceite comestible y los pobres --
-- El azucar y los pobres --
-- Otros alimentos y los pobres --
-- Fuentes de ingreso de los dominicanos --
-- Estabilización economica y reforma estructural: 1990-1992 --
-- Encuesta de ingresos y gasto de 1992 --
-- Distribución el ingreso --
-- Pobreza e indigencia --
-- Perfil de la indigencia y la pobreza --
-- Los subsidios generalizados y los pobres --
-- Fuentes de ingreso de los dominicanos --
-- Destino del gasto de los dominicanos --
-- Adecuación calórica y proteica --
-- Graficas y tablas --
500 ## - NOTA GENERAL
Nota general Incluye referencias bibliográficas y notas al pie de las páginas.
700 12 - PUNTO DE ACCESO ADICIONAL--NOMBRE DE PERSONA
Nombre de persona Achécar Chupani, José
9 (RLIN) 18775
700 12 - PUNTO DE ACCESO ADICIONAL--NOMBRE DE PERSONA
Nombre de persona Swindale, Anne
9 (RLIN) 73787
Existencias
Estado de retiro Estado de pérdida Restricciones de uso No para préstamo Código de colección Localización permanente Ubicación/localización actual Ubicación en estantería Fecha de adquisición Número de inventario Total de préstamos Signatura topográfica completa Código de barras Fecha visto por última vez Número de copia Precio válido a partir de Tipo de ítem Koha
        Dominicana de Servicio General General En catalogación 08.05.2015 LF1   xxxx xxxx 45731-30 25.06.2020 e. 3 25.06.2020 Libro y Folleto Colección Dominicana de Servicio
        Dominicana de Servicio General General En catalogación 08.05.2015 LF1   xxxx xxxx 45731-40 25.06.2020 e. 4 25.06.2020 Libro y Folleto Colección Dominicana de Servicio
        Dominicana de Servicio General General En catalogación 08.05.2015 LF1   xxxx xxxx 45731-50 25.06.2020 e. 5 25.06.2020 Libro y Folleto Colección Dominicana de Servicio
      Excluido de préstamo Patrimonio Dominicano Patrimonio Dominicano Patrimonio Dominicano En catalogación 08.05.2015 LF1   xxxx xxxx 45731-10 25.06.2020   25.06.2020 Libro y Folleto Colección Patrimonio Dominicano
      Excluido de préstamo Patrimonio Dominicano Patrimonio Dominicano Patrimonio Dominicano En catalogación 08.05.2015 LF1   xxxx xxxx 45731-20 25.06.2020 e. 2 25.06.2020 Libro y Folleto Colección Patrimonio Dominicano

Con tecnología Koha